LEADER 06683oam 2200613 c 450 001 9910326652203321 005 20260408080230.0 010 $a9783839445303 010 $a3839445302 024 7 $a10.14361/9783839445303 035 $a(CKB)4100000008351091 035 $a(OAPEN)1005050 035 $a(DE-B1597)515706 035 $a(OCoLC)1102797795 035 $a(DE-B1597)9783839445303 035 $a(MiAaPQ)EBC6637611 035 $a(Au-PeEL)EBL6637611 035 $a(oapen)https://directory.doabooks.org/handle/20.500.12854/36560 035 $a(MiAaPQ)EBC30386370 035 $a(Au-PeEL)EBL30386370 035 $a(ScCtBLL)f564b2e9-4797-4063-975e-1e78513cfc31 035 $a(transcript Verlag)9783839445303 035 $a(oapen)doab36560 035 $a(EXLCZ)994100000008351091 100 $a20260408d2019 uy 0 101 0 $ager 135 $auuuuu---auuuu 181 $ctxt$2rdacontent 182 $cc$2rdamedia 183 $acr$2rdacarrier 200 10$aFrei, fair und lebendig - Die Macht der Commons$fSilke Helfrich, David Bollier 205 $a1st ed. 210 $aBielefeld$ctranscript Verlag$d2019 215 $a1 online resource (400) 225 0 $aSozialtheorie 311 08$a9783837645309 311 08$a3837645304 327 $aFrontmatter 1 Inhalt 5 Vorwort 7 Einleitung 9 Kapitel 1 Von Commons & Commoning 17 Kapitel 2 Von Commons & Sein 33 Kapitel 3 Von Commons & Sprache 53 Einleitung Die Triade des Commoning 89 Kapitel 4 Soziales Miteinander 97 Kapitel 5 Selbstorganisation durch Gleichrangige 113 Kapitel 6 Sorgendes & selbstbestimmtes Wirtschaften 155 Einleitung Wie das Commonsversum wachsen könnte 191 Kapitel 7 Eigentümlich denken 199 Kapitel 8 Haben & Sein 223 Kapitel 9 Commons im Staat 263 Kapitel 10 Commons erMächtigen 293 Anhang 317 Anmerkungen 339 Register 369 Danksagung 389 Inhalt (Langfassung) 393 330 $aDieses Buch soll Mut machen. Es vereint ein beziehungsreiches Denken mit einer neuen Art zu handeln. Das Ziel: eine freie, faire und lebendige Gesellschaft. Doch das Gewohnte hat sich tief eingegraben in unseren Köpfen, in unserem Alltag, in Markt und Staat. Silke Helfrich und David Bollier legen überkommene Denkmuster frei und entwerfen ein Programm für ein gelingendes Miteinander, ein anderes Politikverständnis und ein sorgendes Wirtschaften. Im Mittelpunkt stehen dabei Commons-Praktiken. Sie zeigen, wie wir in Verschiedenheit gemeinsame Ziele verfolgen. Ganz praktisch können so Häuser und Fahrzeuge in ähnlicher Weise wie die Wikipedia entstehen. Das Buch stiftet zudem an, wie ein »Commoner« zu denken. Es bietet eine Sprache für die Welt von morgen. Es verändert nicht nur die Wirtschaft und die Politik - es verändert uns. 330 1 $a»Nahrhaftes Hoffnungsbuch.« Hans Steiger, www.pszeitung.ch, 15.01.2021 O-Ton: »Arbeiten Sie weniger: NOW« - Silke Helfrich im Interview auf https://www.postwachstum.de am 13.01.2021. O-Ton: »Wirtschaft ist mehr als Waren produzieren« - Silke Helfrich im Interview auf dem Blog der GLS Bank am 24.11.2020. O-Ton: »Was brauchen wir wirklich für ein gutes Leben?« - Silke Helfrich im Interview bei Ökologie Politik am 27.07.2019. »Das Buch verdeutlicht, wie ein Commoner denkt und wie eine andere Wirtschaft und Politik aussehen könnte.« BBE-Newsletter, 16 (2019) »Silke Helfrich und David Bollier geben keinen Fahrplan vor, wie das Commonsversum wachsen kann das würde der Commons-Logik ohnehin widersprechen, aber sie zeigen, wie im Hier und Jetzt Freiräume geschaffen werden und wie Commoners selbstbewusst ihre Stimme erheben können.« Lara Mallien, Oya, 54 (2019) »Die Lektüre ist inspirierend und wichtig angesichts der [...] erschreckend großen Ideenlosigkeit, wenn es darum geht, eine Antwort auf die Frage zu geben, wie die Menschheit der ökosozialen Katastrophe entkommen und trotzdem eine lebenswerte Welt schaffen könnte. Die Autoren setzen [dem] einen mutigen und radikalen Wurf entgegen.« Caspar Dohmen, Deutschlandfunk - Andruck, 08.07.2019. »Das Buch will all jenen Mut zum (Um-)Denken und Handeln machen, die mit der aktuellen, lokalen und globalen kapitalistischen und menschenunwürdigen Entwicklung in der Welt unzufrieden sind und individuell und gemeinschaftlich einen Perspektivenwechsel hin zum Commoning erreichen wollen.« Jos Schnurer, www.socialnet.de, 28.06.2019 »Die Autor*in entwirft eine un-kapitalistische Vision von Ökonomie, schwebt dabei aber nicht in abstrakten Gedankenspielen, sondern schildert das anhand von Beispielen aus dem richtigen, real existierenden Leben.« Antje Schrupp, https://antjeschrupp.com, 04.06.2019 »Commons sind nicht ein Muster von Systemgegnern, sondern verantwortungsvoll handelnde Menschen.« Harald Gründl, Die Presse, 18.05.2019 »Der umfassende Ansatz des Buches hat das Potenzial, zu einem Meilenstein für die Transformation zu werden.« Annett Jensen, taz, 11.05.2019 Besprochen in: www.lifepr.de, 15.04.2019 https://perspective-daily.de, 19.06.2019, Katharina Wiegmann Radio Bremen 2, 24.06.2019, Kirstin Hunfeld Contraste, 7-8 (2019), Brigitte Kratzwald Schrot&Korn, 9 (2019) Humane Wirtschaft, 4 (2019), Pat Christ www.centrum3.at, 9 (2019) Gegenwart, 3 (2019), Matthias Wiesmann Fundraiser-Magazin, 4 (2019) https://veggie-specials.com, 27.01.2021 410 0$aSozialtheorie 606 $aCommons; Gemeingüter; Allmende; Commoning; Kultur; Ökonomie; Markt; Staat; Gesellschaft; Eigentum; Lebendigkeit; Muster; Wirtschaft; Politik; Natur; Öffentliche Güter; Nachhaltigkeit; Wirtschaftstheorie; Wirtschaftspolitik; Soziologie; Culture; Economy; Market; State; Society; Property; Liveliness; Samples; Politics; Nature; Public Goods; Sustainability; Economic Theory; Economic Policy; Sociology; 615 4$aCommons; Gemeingüter; Allmende; Commoning; Kultur; Ökonomie; Markt; Staat; Gesellschaft; Eigentum; Lebendigkeit; Muster; Wirtschaft; Politik; Natur; Öffentliche Güter; Nachhaltigkeit; Wirtschaftstheorie; Wirtschaftspolitik; Soziologie; Culture; Economy; Market; State; Society; Property; Liveliness; Samples; Politics; Nature; Public Goods; Sustainability; Economic Theory; Economic Policy; Sociology; 676 $a330 686 $aMS 1190$2rvk 700 $aHelfrich$b Silke$4aut$0957060 702 $aBollier$b David$4aut 712 02$aHeinrich-Böll-Stiftung$4fnd$4http://id.loc.gov/vocabulary/relators/fnd 801 0$bDE-B1597 801 1$bDE-B1597 906 $aBOOK 912 $a9910326652203321 996 $aFrei, fair und lebendig - Die Macht der Commons$92167781 997 $aUNINA